书目信息 |
| 书名: | The new paradigm for financial markets | |
| 作者: | George Soros | |
| 分册号: | ||
| 分册名: | 出版地: | America |
|
| 出版社: | Publicaffairs | |
| 出版时间: | 2008 | |
| 页数: | 162 | |
| 开本: | 22cm | |
| 丛书名: | ||
| 中图分类号: | ||
| 科图分类号: | ||
| 其他分类号: | F837.125 | |
| 主题词: | ||
| 电子资源: | ||
| 000 | 00416nam0 2200145 450 | |
| 001 | 202012196456 | |
| 005 | 20121107175305.0 | |
| 008 | 20010101s | |
| 020 | @a978-1-5864-8683-9@bHARD@c$22.95 | |
| 099 | @dF837.125@eG349 | |
| 245 | 10 | @aThe new paradigm for financial markets@cGeorge Soros |
| 260 | 0 | @aAmerica@bPublicaffairs@c2008 |
| 300 | @a162@c22cm | |
| 905 | @b009218-20 | |
| 905 | @aTSG@dF837.125@eG349 | |
| The new paradigm for financial markets / George Soros.-America : Publicaffairs , 2008 |
| 162 ; 22cm |
| ISBN 978-1-5864-8683-9HARD$22.95 |
| ● |
| 相关链接 |
|
|
|
正题名:The new paradigm for financial markets
索取号:F837.125/G349
 
预约/预借
| 序号 | 登录号 | 条形码 | 馆藏地/架位号 | 状态 | 备注 |
| 1 | 9218 | 300092183 | 社科库409/409社科库 119排1列1层/ [索取号:F837.125/G349] | 在馆 | |
| 2 | 9219 | 300092192 | 社科库409/409社科库 119排1列1层/ [索取号:F837.125/G349] | 在馆 | |
| 3 | 9220 | 300092209 | 社科库409/409社科库 119排1列1层/ [索取号:F837.125/G349] | 在馆 |